000 00773nam a2200277Ia 4500
001 Z_3207
003 CHAP
008 220113s1998 xx 000 0 und d
010 _a166315
040 _cCHAP
082 _a813 H4y
100 _aHemingway, Ernest
_9140399
245 _aLas nieves del Kilimanjaro /
_cpor Ernest Hemingway
260 _aMadrid :
_bEl mundo y la revista,
_c1998
300 _a95 p.
440 _aLas novelas del verano ; 4
_9140400
500 _a
503 _a
650 _aLiteratura estadounidense I. t. II. La vida feliz de Francis Macomber III. Campamento indio IV. El fin de algo V. El río de los dos corazones
_9140401
901 _a813 H4y
902 _aA
910 _a1998
942 _c1
942 _cc1
999 _c166315
_d166315